Statistics for Countries by Former Name

Click here to take the quiz!

General Stats

  • This quiz has been taken 16,698 times
  • The average score is 13 of 20

Answer Stats

Old Name Current Name % Correct
PersiaIran
95%
BurmaMyanmar
92%
SiamThailand
87%
MacedoniaNorth Macedonia
81%
East PakistanBangladesh
81%
ZaireD.R. Congo
79%
Dutch East IndiesIndonesia
78%
CeylonSri Lanka
77%
Southern RhodesiaZimbabwe
76%
SwazilandEswatini
68%
Northern RhodesiaZambia
68%
Dutch GuianaSuriname
66%
BohemiaCzech Republic
65%
British HondurasBelize
61%
AbyssiniaEthiopia
57%
FormosaTaiwan
53%
Gold CoastGhana
46%
New HollandAustralia
41%
NyasalandMalawi
24%
New HebridesVanuatu
17%

Score Distribution

Percentile by Number Answered

Percent of People with Each Score

Your Score History

You have not taken this quiz